| 000 | 01137naa a22002537a 4500 | ||
|---|---|---|---|
| 001 | BR8900459 | ||
| 003 | BR-BrBNA | ||
| 005 | 20240918180406.0 | ||
| 007 | ta | ||
| 008 | 230509b bl.||||| |||| 00| 0 por d | ||
| 040 |
_aBR-BrBNA _bpor _cBiblioteca Nacional de Agricultura |
||
| 041 | _a(Pt) | ||
| 072 | _aC30 | ||
| 090 | _aC30 BR8900459 | ||
| 100 | 1 | _aPassos, M.C.J. da F. | |
| 111 | 1 |
_a2. Encontro Nacional de Biblioteconomia e Informatica _cBrasilia, DF (Brazil) _d26-31 Oct 1986 |
|
| 245 | 1 | _aSomar: um software multibase e parametrizavel para DSI [Disseminacao seletiva da informacao] | |
| 260 | 3 |
_aBrasilia, DF (Brasil): _c1986. |
|
| 500 | _aAnais do 2. Encontro Nacional de Biblioteconomia e Informatica e 2. Encontro Nacional de Informacao e Documentacao Juridica Brasilia, DF (Brasil): 1986. p. 239-250 (BR8900459-AM)C30 | ||
| 650 | _aSISTEMA DE INFORMACAO | ||
| 773 | 0 |
_tAnais do 2. Encontro Nacional de Biblioteconomia e Informatica e 2. Encontro Nacional de Informacao e Documentacao Juridica _wC30 BR8900459 _gBrasilia, DF (Brasil), 1986. p. 239-250 |
|
| 909 |
_a202404 _bLucia _c55 _dLucia Elande |
||
| 942 |
_cAM _2AGRIS |
||
| 999 |
_c320137 _d320137 |
||